Normal view MARC view

Entry Personal Name

Number of records used in: 1

001 - CONTROL NUMBER

  • control field: 9478

003 - CONTROL NUMBER IDENTIFIER

  • control field: DLC

005 - DATE AND TIME OF LATEST TRANSACTION

  • control field: 20230915132551.0

008 - FIXED-LENGTH DATA ELEMENTS

  • fixed length control field: 851025n| acannaab| |n aaa |||

010 ## - LIBRARY OF CONGRESS CONTROL NUMBER

  • LC control number: n 85821740

040 ## - CATALOGING SOURCE

  • Original cataloging agency: DLC
  • Transcribing agency: DLC
  • Modifying agency: DLC

100 10 - HEADING--PERSONAL NAME

  • Personal name: Randall, Lynda E.

670 ## - SOURCE DATA FOUND

  • Source citation: nuc85-66758: Her The validation of an instrument ... [MI] 1982
  • Information found: (hdg. on CLU rept.: Randall, Lynda E.; usage: Lynda E. Randall)

670 ## - SOURCE DATA FOUND

  • Source citation: Her Systematic supervision for physical education, c1992:
  • Information found: CIP t.p. (Lynda E. Randall, Ph. D.; California State U., Fullerton) data sheet (b. 4-28-51)

Powered by Koha